000 00688nam a2200241 a 4500
008
020 _a0060414189 (hbk.)
049 _aMAIN
090 _aBF173
_bCRO
100 1 _aCronbach, Lee J.
245 1 0 _aEssentials of psychological testing /
_cLee J. Cronbach.
250 _a5th ed.
260 _aNew York :
_bHarperCollins,
_cc1990.
300 _axxvi, 726 p. :
_bill. ;
_c25 cm.
504 _aIncludes bibliographical references.
500 _aIncludes index.
650 0 _aPsychological tests.
907 _a.b10030724
_b18-09-12
_c17-04-03
003
005 20230123133149.0
040 _cNUST
942 _cBOOKS
_kBF173
_mCRO
999 _c143841
_d143841